000
00308nam a2200133Ia 4500
008
220613s9999||||xx |||||||||||||| ||und||
100
_a
Karambelkar P V
245
0
_a
Patanjal yog Sutra ( Hindi)
250
_a
3rd(2012)
260
_b
Kaivalyadhama Lonavia
300
_a
181
650
_a
Yoga
942
_c
GB
999
_c
11160
_d
11160